Systems analysis for managerial decisions: a computer approach

-д хадгалсан:
Номзүйн дэлгэрэнгүй
Үндсэн зохиолч: Ramalingam, P (Зохиогч)
Формат: Ном
Хэл сонгох:англи
Хэвлэсэн: Nueva York John Wiley 1976
Цуврал:Board of Advisors, Engineering
Нөхцлүүд:
Шошгууд: Шошго нэмэх
Шошго байхгүй, Энэхүү баримтыг шошголох эхний хүн болох!

MARC

LEADER 00000nam a2200000 a 4500
001 UCU6815
003 CL-VaPUC
008 960621e19760000US |||||||||||||||||eng|d
082 0 4 |a 658.05  |b RAM  |2 21 
100 0 |a Ramalingam, P  |e author  |9 365221 
245 1 0 |a Systems analysis for managerial decisions: a computer approach 
300 |a 607 p 
942 |c BK 
945 |d 19960621 00:00:00  |a paguirre 
260 |a Nueva York  |b John Wiley  |c 1976 
650 0 |a Administración  |9 259325 
650 0 |a Administración de empresas   |9 260833 
650 0 |a Toma de decisiones   |9 257530 
650 0 |a Análisis de sistemas   |9 260059 
650 0 |a Aplicaciones de computadores  |9 260401 
650 7 |a FORTRAN  |2 CL-VaPUC  |9 260109 
650 0 |a Matrices   |9 22 
650 0 |a Teoría de probabilidades   |9 336944 
650 0 |a Control de calidad   |9 259714 
650 7 |a PROGRAMAS DE COMPUTADOR  |2 CL-VaPUC  |9 262390 
583 |a last modification  |c 19960621 00:00:00  |k Rodrigo Vera 
490 0 |a Board of Advisors, Engineering 
999 |c 249620  |d 249618 
952 |0 0  |1 0  |4 0  |6 658_050000000000000_RAM_1976  |7 0  |8 A  |9 266957  |a BIBING  |b BIBING  |d 2019-11-19  |i 1691902  |o 658.05 RAM 1976  |p 1691902  |r 2025-01-20  |w 2019-11-19  |y BK  |k TRA